000 01222nam a2200265Ia 4500
003 OSt
005 20220930094845.0
006 a|||||r|||| 00| 0
007 ta
008 220926b |||||||| |||| 00| 0 hin d
024 _a21711
037 _cTheses
040 _aCRL
_cCRL
_bhin
041 _2hin
_ahin
100 _aमनेाज कुमार
110 _aदिल्ली विश्वविद्यालय. कला संकाय. हिन्दी विभाग
245 0 _aमद्रास कैफे फिल्म का कहानी, प्रभाव और बॉक्स ऑफिस की दृष्टि से अध्ययन
246 _aMadrās kaife filma kā kahānī, prabhāv aur baॉksa ऑfis kī dṛuṣhṭi se adhyayana
260 _c2013
650 _aहिन्दी साहित्य
700 _a डॉ. कुमुद शर्मा, गा.
_9556473
700 _aदिल्ली विश्वविद्यालय. कला संकाय. हिन्दी विभाग
942 _cDIS
_2CC
999 _c887788
_d887788